000 00461nam a22001697a 4500
005 20251108170504.0
008 250721s2000 xx 000 0 ara d
082 1 4 _a811.9565/ربي
100 1 _aربيع، محمد عبد العزيز
245 1 0 _aقطار الزمن /
264 1 _aبيروت :
_bمؤسسة بحسون،
_c2000.
300 _a62ص
650 1 7 _aالشعر العربي
650 1 7 _aالأردن
942 _2ddc
_cBK
999 _c41724
_d41724